000 01124cab a22002175a 4500
001 L137454
008 070405s2007 xxk f 000 0 eng d
035 _a(Sirsi) u137454
041 0 _aeng
100 1 _aGerrard, R.
245 0 0 _aBriefing
_bNEC contracts
_bdelivering 21st century construction
260 _c2007
490 _aManagement Procurement and Law
_v160(MP1) February 2007, 9-10(2)
520 _aDiscusses the latest issue of the New Engineering Contract (NEC3) which is endorsed by the UK Office of Government Commerce for use throughout the UK?s public sector construction market. The emphasis is collaborative, co-operative working and the tools it provides should prompt a move towards a foresight-based, real-time project managed environment to get the best out of supply chains. A matrix of contracts is available for works or services to use in most types of contracts.
590 _aKA
650 2 4 _aNEW ENGINEERING CONTRACT
650 2 4 _aCONSTRUCTION INDUSTRY
651 4 _aUnited Kingdom
_y
690 _aBUILT ENVIRONMENT-CONSTRUCTION MANAGEMENT-BUILDING CONTRACT ADMINISTRATION
942 _n0
999 _c78606
_d78606